Представление документа в формате RUSMARC

ПолеНазваниеЗначение
  Тип записи a
  Библиографический уровень m
001 Контрольный номер 3cef749b7b9041b6a0bb8c2b0992542c
005 Дата корректировки 20141003055536.7
010 Индекс ISBN __
a ISBN 5-279-02473-2
010 Индекс ISBN __
a ISBN 5-88045-056-2
200 Заглавие и сведения об ответственности 1_
a Заглавие Практикум по экономической информатике
e Сведения, относящиеся к заглавию Учеб. пособие для вузов:В 3ч.Ч.2
f Первые сведения об ответственности В.П.Косарев,Б.Ю.Левит,Е.Л.Шуремов и др.;Под ред.В.П.Косарева и др.
210 Выходные данные 1_
c Издательство Финансы и статистика
a Место издания М.
d Дата издания 2002
210 Выходные данные 1_
c Издательство Перспектива
215 Физическое описание __
a Объем 301 с.
610 Ключевые слова 0_
a Ключевые слова компьютерные технологии
610 Ключевые слова 0_
a Ключевые слова локальные сети
610 Ключевые слова 0_
a Ключевые слова почтовая служба MS Exchange
610 Ключевые слова 0_
a Ключевые слова электронный секретарь MS Outlook
610 Ключевые слова 0_
a Ключевые слова экономическая информатика
610 Ключевые слова 0_
a Ключевые слова интернет
610 Ключевые слова 0_
a Ключевые слова MS Office
610 Ключевые слова 0_
a Ключевые слова учебное пособие
610 Ключевые слова 0_
a Ключевые слова гриф
686 Индексы других классификаций __
a Классификационный индекс 32.973.2я73
2 Код системы rubbk
686 Индексы других классификаций __
a Классификационный индекс 65.050.030.4я73
2 Код системы rubbk
801 Источник записи _0
a Страна RU
b Организация РУК
c Дата составления 20021223
g Правила каталогизации PSBO
801 Источник записи _1
a Страна RU
b Организация РУК
c Дата составления 20021223
g Правила каталогизации PSBO
852 Данные о местонахождении __
i Авторский знак П69
j Шифр хранения ББК 32
901 Тип документа __
t Тип документа m
938 Служебная информация __
a Название организации Головной вуз
b Имя БД BOOK
c Название АИБС АИБС ИРБИС
938 Служебная информация __
a Название организации Камчатский филиал
952 Тип литературы __
b Гриф литературы для ВШ гриф